[Event "Sabadell Coral Colon op 6th"]
[Site "Sabadell"]
[Date "2012.03.02"]
[Round "4"]
[White "Puig Martinez, Jordi"]
[Black "Amores Oliveros, Justo"]
[Result "1-0"]
[WhiteElo "1912"]
[BlackElo "1785"]
[PlyCount "115"]
[EventDate "2012.02.10"]
[EventType "swiss"]
[EventRounds "9"]
[EventCountry "ESP"]
[SourceTitle "EXT 2014"]
[Source "ChessBase"]
[SourceDate "2013.11.20"]
[SourceVersion "1"]
[SourceVersionDate "2013.11.20"]
[SourceQuality "1"]

1. d4 d6 2. e3 Nf6 3. f4 Nbd7 4. Nf3 c6 5. Bd3 Qc7 6. 0-0 e5 7. Nbd2 Be7 8. Qe1 b5 9. Qg3 Nh5 10. Qf2 exf4 11. exf4 Nxf4 12. Ne1 g5 13. Nb3 Nf6 14. Bxf4 gxf4 15. Qxf4 Be6 16. Nf3 Rg8 17. Rae1 Rg4 18. Qd2 Nd5 19. Re4 Rxe4 20. Bxe4 0-0-0 21. Ng5 Nf6 22. Bf3 Rg8 23. Nxe6 fxe6 24. Qe2 e5 25. a4 a6 26. Ra1 Rg5 27. axb5 axb5 28. Qe3 Ng4 29. Bxg4+ Rxg4 30. dxe5 Ra4 31. e6 Bf6 32. c3 Rxa1+ 33. Nxa1 Be5 34. Nc2 d5 35. Qh6 Qe7 36. Ne3 b4 37. Nf5 Qc5+ 38. Kf1 Qc4+ 39. Kf2 Qf4+ 40. Qxf4 Bxf4 41. cxb4 Be5 42. b3 Bc3 43. b5 cxb5 44. Ne7+ Kd8 45. Nxd5 Be5 46. h3 Ke8 47. Kf3 Bd6 48. Ke4 Kf8 49. Kf5 Kg7 50. g4 Bg3 51. Nc3 b4 52. Nd5 Be1 53. Ke4 Kg6 54. Kd3 Bh4 55. Kc4 Be1 56. Kc5 Kg7 57. Kd6 Kf8 58. Kd7 1-0

[Event "Sabadell Coral Colon op 5th"]
[Site "Sabadell"]
[Date "2011.03.18"]
[Round "7"]
[White "Barranco Montilla, Cristobal"]
[Black "Puig Martinez, Jordi"]
[Result "1-0"]
[WhiteElo "2089"]
[BlackElo "1929"]
[PlyCount "147"]
[EventDate "2011.02.04"]
[EventType "swiss"]
[EventRounds "9"]
[EventCountry "ESP"]
[SourceTitle "EXT 2013"]
[Source "ChessBase"]
[SourceDate "2012.11.22"]
[SourceVersion "1"]
[SourceVersionDate "2012.11.22"]
[SourceQuality "1"]

1. d4 Nf6 2. Nc3 d5 3. Bg5 Bf5 4. f3 h6 5. Bxf6 exf6 6. e4 dxe4 7. fxe4 Bg6 8. Nf3 Bb4 9. Bd3 0-0 10. 0-0 Nc6 11. Nd5 Re8 12. c3 Ba5 13. Qc2 Ne7 14. Nf4 Bh7 15. e5 Bxd3 16. Qxd3 Nc6 17. exf6 Qxf6 18. Nd2 Rad8 19. Nb3 Bb6 20. a4 a6 21. Nd5 Qh4 22. Qf5 Rf8 23. a5 Nxd4 24. cxd4 Bxd4+ 25. Kh1 Bxb2 26. Rae1 Qg5 27. Ne7+ Kh8 28. Qc2 Ba3 29. Nf5 Bb4 30. Re2 Rd5 31. Ng3 Bd6 32. Ne4 Qg4 33. Nxd6 Rxd6 34. h3 Qd7 35. Rfe1 Rc6 36. Qb2 b6 37. Re7 Qd6 38. Qf2 Qb4 39. R1e3 Rf6 40. Qg3 c6 41. axb6 Qxb6 42. Qe5 Qb8 43. Qxb8 Rxb8 44. Re8+ Rxe8 45. Rxe8+ Kh7 46. Ra8 Rf1+ 47. Kh2 Rb1 48. Na5 Rb6 49. Rc8 Kg6 50. Nxc6 Kg5 51. Nd4 Rb4 52. Nf3+ Kg6 53. Rc6+ f6 54. Rxa6 Rb7 55. Ra5 Kf7 56. h4 Kg6 57. h5+ Kf7 58. Nh4 Rc7 59. Ng6 Rb7 60. Kh3 Ke6 61. Ra8 Kf7 62. Nh8+ Ke6 63. g4 Ke7 64. Rg8 Kd6 65. Re8 Kd7 66. Re3 Kd6 67. Ng6 Ra7 68. Nh4 Rf7 69. Kg3 Kd7 70. Kf4 Kd8 71. Kf5 Rb7 72. Kg6 Rb4 73. Rg3 Rb7 74. Nf5 1-0